Регионална библиотека "Любен Каравелов" - Русе

Пираня сред вълци (Запис номер 82409)

MARC детайли
000 -Лидер
Контролно поле с фиксирана дължина 01290nam a2200325 c 4500
003 - Код на организацията, давaща контролен номер
Контролно поле BLK
005 - Дата и час на последна редакция
Контролно поле 20241019113323.0
008 - Елементи от данни с фиксирана дължина
fixed length control field 180408b bul|||||r ||||||| ||bul||
010 ## - Наследен системен номер
LC control number KNG00086940000
020 ## - Международен стандартен номер на книга ISBN
Международен стандартен номер на книга ISBN 978-954-9420-96-8
-- издат.: Персей
040 ## - Източник на каталожния запис
Идентификатор на билиотеката - собственик на записа BLK
041 ## - Код за език
Код за езика на текст/звукозапис или на отделно заглавие Български
Код за езика КДБФ Български
080 ## - УДК
Текстов определител УДК Руска литература
УДК код - определител по УДК 821.161.1
УДК определител -312.4
УДК - код + определител 821.161.1-312.4
100 1# - Редна дума - Автор
Автор Бушков, Александър Александрович
Авторска отговорност първи автор
R(LIN) 44263
139 ## - Редно поле
Редна дума Бушков, Александър Александрович
Авторски знак Бух - Б 90
245 10 - Сведения за заглавието
Заглавие Пираня сред вълци
Подзаглавни данни Роман
Редно поле (дума) Александър Александрович Бушков; прев. Ива Николова.
257 ## - Страна на издаване
Страна на създаване/издаване Русия
260 ## - Област на издателските данни
-- София
Име на издателя, разпространителя и проч. Персей
Година на издаване 2009
300 ## - Физическа характеристика
Страници 272 с.
Размери/Мащаб 21 см
380 ## - Жанр
Жанр Худож. лит.
490 1# - СЕРИИ (Колекции)
Име на серия Серия Пираня
500 ## - Общи забележки
Забележка Ориг. загл. Пиранья против воров 2 / Александр Бушков
700 ## - Други автори (авторска отговорност)
Лично име Николова, Ива
Пълна форма на името Митева, Ива Николова
9 (RLIN) 365667
852 ## - Местоположение
Форматна сигнатура Цб 242165
856 4# - Електронен адрес и достъп
Електронен формат pdf - файл
Път до файла /url/
856 4# - Електронен адрес и достъп
Електронен формат pdf - файл
Път до файла /url/
942 ## - АРТИКУЛИ
Вид на библиотечния материал Книги
Скрит в OPAC Не
Koha issues (borrowed), all copies 20
944 ## - СЪЗДАВАНЕ И РЕДАКЦИЯ на ЗАПИСА
Създаване/Редакция Създаване
Дата на регистрацията/редакция 17.12.2008
Статус, дата на статуса Моника Янева
Служител, извършил регистрацията/редакцията 30570
944 ## - СЪЗДАВАНЕ И РЕДАКЦИЯ на ЗАПИСА
Създаване/Редакция Редакция
Дата на регистрацията/редакция 14.07.2011
Статус, дата на статуса ф /
Служител, извършил регистрацията/редакцията
999 ## - СИСТЕМНИ КОНТРОЛНИ НОМЕРА
Koha biblionumber 82409
Koha biblioitemnumber 82409
Наличности
Код за отписване Код за изгубен артикул Източник на класификационната схема Код за повреда Коз за рестрикции Код за отдаване Артикулен № Име на библиотеката - собственик Име на библиотеката, в която се намира в момента Статус (Текущо местоположение) Дата на вписване в системата Местоположение - отдел Цена в лева Инвентарен номер Систематично азбучна сигнатура Баркод Номер на екземпляра Цена в евро Служебна бележка Служебен тип на артикула
Изтеглен Не е изгубен Universal Decimal Classification Не е повреден без рестрикции заемане за дома 134012 Регионална библиотека "Любен Каравелов" Русе Регионална библиотека "Любен Каравелов" Русе Заемна - подръчен фонд 2008-12-17 Заемна - подръчен фонд 12.99 120000732200 П 882-31/Б90 120000732200 1 6.64 Дост: Pk Вид: Ф N: 270 Дата: 11.12.2008 Книги
  Не е изгубен Universal Decimal Classification Не е повреден без рестрикции заемане за дома 134013 Регионална библиотека "Любен Каравелов" Русе Регионална библиотека "Любен Каравелов" Русе Заемна - подръчен фонд 2008-12-17 Заемна - подръчен фонд 12.99 120000732201 П 882-31/Б90 120000732201 2 6.64 Дост: Pk Вид: Ф N: 270 Дата: 11.12.2008 Дата инв: 16.02.2018 Бележки инв: П2018 Книги
  Не е изгубен   Не е повреден без рестрикции заемане за дома 134014 Регионална библиотека "Любен Каравелов" Русе Регионална библиотека "Любен Каравелов" Русе Заемна - подръчен фонд 2008-12-17 Заемна - подръчен фонд 12.99 120000732202 П 882-31/Б90 120000732202 3 6.64 Дост: Pk Вид: Ф N: 270 Дата: 11.12.2008 Дата инв: 09.02.2018 Бележки инв: П2018 Книги
  Не е изгубен   Не е повреден без рестрикции ползва се в читалня 134015 Регионална библиотека "Любен Каравелов" Русе Регионална библиотека "Любен Каравелов" Русе Хранилище 2011-07-15 Хранилище 12.99 120000751921 Цб 242165 120000751921 4 6.64 Дост: Dp Вид: Д N: 5 Дата: 31.01.2011 Книги
Vip Innovations Ltd, Rousse, Bulgaria 2025